Paidi Jairaj: (Record no. 199105)
[ view plain ]
| 000 -LEADER | |
|---|---|
| fixed length control field | 00625nam a2200193 4500 |
| 005 - DATE AND TIME OF LATEST TRANSACTION | |
| control field | 20260224115719.0 |
| 010 ## - LCCN (DPL NO) | |
| LC control number | ENG-147858 |
| 020 ## - INTERNATIONAL STANDARD BOOK NUMBER | |
| Terms of availability | 1500 |
| International Standard Book Number | 9789354197307 |
| 035 ## - SYSTEM CONTROL NUMBER | |
| System control number | EN-131390 |
| 037 ## - SOURCE OF ACQUISITION | |
| Source of stock number/acquisition | DBAD/PUB |
| 082 ## - DEWEY DECIMAL CLASSIFICATION NUMBER | |
| Classification number | 921 |
| Edition number | RAV |
| 100 ## - MAIN ENTRY--PERSONAL NAME | |
| Personal name | Ponnam Ravichandra |
| 245 ## - TITLE STATEMENT | |
| Title | Paidi Jairaj: |
| Statement of responsibility, etc | By Ponnam Ravichandra |
| Remainder of title | The First Action Hero/ |
| Medium | Engish |
| 260 ## - PUBLICATION, DISTRIBUTION, ETC. (IMPRINT) | |
| Place of publication, distribution, etc | Karimnagar |
| Name of publisher, distributor, etc | Ponnam Ravichandra Supadha Creations |
| Date of publication, distribution, etc | 2024 |
| 270 ## - ADDRESS | |
| Address | 7-2-991, Mankammathota Karimnagar |
| City | Karimnagar |
| Postal code | 505001 |
| 300 ## - PHYSICAL DESCRIPTION | |
| Extent | 232p. |
| Dimensions | 22cm(hb) |
| 700 ## - ADDED ENTRY--PERSONAL NAME | |
| Personal name | Ponnam Ravichandra |
| 9 (RLIN) | 58746 |
| 942 ## - ADDED ENTRY ELEMENTS (KOHA) | |
| Source of classification or shelving scheme | Dewey Decimal Classification |
| Item type | English Books |
| Classification part | 921 |
| Call number suffix | RAV |
| Edition | 1 |
| Withdrawn status | Lost status | Not for loan | Collection code | Home library | Current library | Date acquired | Source of acquisition | Cost, normal purchase price | Full call number | Barcode | Copy number | Cost, replacement price | Koha item type |
|---|---|---|---|---|---|---|---|---|---|---|---|---|---|
| Not For Loan | Reference | Bawana | Bawana | 16/11/2023 | DBAD/PUB | 1500.00 | 920 PON | EN-121932 | 1 | 1500.00 | English Books | ||
| Not For Loan | Reference | Central Library | Central Library | 24/02/2026 | DBAD | 1500.00 | 921 RAV | EN-131390 | 1 | 1500.00 | English Books |
